Small firms and development in latin America: the role of the institutional environment, human resources and industrial relations

Saved in:
Bibliografiske detaljer
Hovedforfatter: Späth, Brigitte (Author)
Format: Bog
Sprog:engelsk
Udgivet: Ginebra International Institute for labour Studies 1993
Fag:
Tags: Tilføj Tag
Ingen Tags, Vær først til at tagge denne postø!

MARC

LEADER 00000nam a2200000 a 4500
001 UCM0053
003 CL-VaPUC
008 020108e19930000SZ |||||||||||||||||eng|d
082 0 4 |a 338.642  |b SPA  |2 21 
100 0 |a Späth, Brigitte  |e author  |9 466678 
245 1 0 |a Small firms and development in latin America: the role of the institutional environment, human resources and industrial relations 
300 |a 195 p 
942 |c BK 
945 |d 20020108 00:00:00  |a cmena 
260 |a Ginebra  |b International Institute for labour Studies  |c 1993 
650 7 |a MICROEMPRESAS  |2 CL-VaPUC  |9 373511 
650 0 |a Desarrollo económico y social   |9 256320 
650 7 |a CAPACITACION LABORAL  |2 CL-VaPUC  |9 411356 
650 7 |a PEQUEÑA EMPRESA  |2 CL-VaPUC  |9 324333 
650 7 |a MANO DE OBRA  |2 CL-VaPUC  |9 315053 
583 |a last modification  |c 20020108 00:00:00  |k Rodrigo Vera 
999 |c 299118  |d 299116 
952 |0 0  |1 0  |4 0  |6 338_642000000000000_SPA_1993  |7 0  |8 A  |9 355286  |a BIBGIM  |b BIBGIM  |d 2019-11-21  |i 3787451  |o 338.642 SPA 1993  |p 3787451  |r 2025-01-15  |w 2019-11-21  |y BK  |k GIM